Peter at the garden / (Record no. 7332)

MARC details
000 -LEADER
fixed length control field 01297nam a22002657a 4500
001 - CONTROL NUMBER
control field 7332
003 - CONTROL NUMBER IDENTIFIER
control field FISKH
005 - DATE AND TIME OF LATEST TRANSACTION
control field 20250709151017.0
008 - FIXED-LENGTH DATA ELEMENTS--GENERAL INFORMATION
fixed length control field 250709b cb ||||| |||| 00| 0 eng d
020 ## - INTERNATIONAL STANDARD BOOK NUMBER
International Standard Book Number 9789833647927
040 ## - CATALOGING SOURCE
Original cataloging agency FISKH
Language of cataloging eng
Transcribing agency FISKH
Modifying agency FISKH
050 ## - LIBRARY OF CONGRESS CALL NUMBER
Classification number PZ7
082 ## - DEWEY DECIMAL CLASSIFICATION NUMBER
Classification number 823
100 ## - MAIN ENTRY--PERSONAL NAME
Personal name Nanthini
245 ## - TITLE STATEMENT
Title Peter at the garden /
Statement of responsibility, etc. Nanthini
260 ## - PUBLICATION, DISTRIBUTION, ETC.
Place of publication, distribution, etc. Kuala Lumpur :
Name of publisher, distributor, etc. Early Learning Publications,
Date of publication, distribution, etc. 2009.
300 ## - PHYSICAL DESCRIPTION
Extent 24 pages :
Other physical details color illustrations ;
Dimensions 26 cm
505 ## - FORMATTED CONTENTS NOTE
Formatted contents note G<br/>
520 ## - SUMMARY, ETC.
Summary, etc. Peter spends a fun and curious day exploring the garden around his home. As he plays, he begins to observe plants, insects, and the tools used in gardening. With each discovery, Peter learns simple science concepts—like how plants grow, the role of sunlight and water, and the creatures that live in the garden. Through Peter’s adventure, children are introduced to the basics of nature and garden life in a fun and engaging way.<br/><br/>This book is part of the "Exploring Science Through Stories" series and is designed to help young readers understand science in everyday environments.
521 8# - TARGET AUDIENCE NOTE
Target audience note 300<br/>
Source Lexile estimate<br/>
521 8# - TARGET AUDIENCE NOTE
Target audience note G<br/>
Source Raz-Plus<br/>
650 ## - SUBJECT ADDED ENTRY--TOPICAL TERM
Topical term or geographic name entry element Science Stories
Form subdivision Children’s Fiction
General subdivision Gardens
942 ## - ADDED ENTRY ELEMENTS (KOHA)
Source of classification or shelving scheme Dewey Decimal Classification
Koha item type Books
Suppress in OPAC No
Holdings
Withdrawn status Lost status Source of classification or shelving scheme Damaged status Not for loan Collection Home library Current library Shelving location Date acquired Total Checkouts Full call number Barcode Date last seen Copy number Price effective from Koha item type
    Dewey Decimal Classification     Juvenile Fiction Footprints International School Library Network Toul Kork Campus Footprints International School Library Network Toul Kork Campus TK Primary Library Room(4th Floor), Bookcase 7, Shelves 57-60, Dark Green Books 07/09/2025   NAN 823 PZ7 2025-1794 07/09/2025 1 07/09/2025 Books